Symbol Cryptogram: Authors II Quiz Stats

 Plays Quiz Updated Sep 6, 2018

Score 0/10 Timer 10:00
0 Plays Today
Cryptogram Author % Correct
◁ ☰ ▶ ☲ ◎ ✚ ◢SHELDON
100%
◥ ◤ ◢ ◎RAND
69.4%
☰ ◓ ☵ ✚HUGO
64.1%
◁ ◼ ▶ ✖ ▶ ◢ ◁ ✚ ◢STEVENSON
63.4%
◑ ✚ ◢ ◥ ◤ ◎CONRAD
61.4%
✖ ✚ ◢ ◢ ▶ ☵ ◓ ◼VONNEGUT
61.3%
◼ ☰ ✚ ◥ ▶ ◤ ◓THOREAU
61%
✶ ◐ ◢ ☵KING
60.8%
◎ ◐ ◑ ✶ ◐ ◢ ◁ ✚ ◢DICKINSON
60.3%
◁ ◤ ☲ ◐ ◢ ☵ ▶ ◥SALINGER
59.9%

You're not logged in!

Compare scores with friends on all Sporcle quizzes.
OR
Log In

Sporcle TV

Today on Sporcle TV


Watch our educational content, quiz creation guides, and fun videos on Sporcle TV.

Show Comments

Extras

Top Quizzes Today


Score Distribution

Your Account Isn't Verified!

In order to create a playlist on Sporcle, you need to verify the email address you used during registration. Go to your Sporcle Settings to finish the process.

Report this User

Report this user for behavior that violates our Community Guidelines.

Details: